Normal view
MARC view
- Carrol, Walter
Entry Personal Name
001 - CONTROL NUMBER
- control field: 110361
003 - CONTROL NUMBER IDENTIFIER
- control field: NUST
005 - DATE AND TIME OF LATEST TRANSACTION
- control field: 20230316101458.0
008 - FIXED-LENGTH DATA ELEMENTS
- fixed length control field: 230316|| aca||aabn | a|a d
040 ## - CATALOGING SOURCE
- Original cataloging agency: NUST
- Transcribing agency: NUST
100 ## - HEADING--PERSONAL NAME
- Personal name: Carrol, Walter
670 ## - SOURCE DATA FOUND
- Source citation: Work cat.: (NUST)175685: Carrol, Walter, Bid for power: English for commerce and industry
